| 000 | 00729nam a22001457a 4500 | ||
|---|---|---|---|
| 999 |
_c524441 _d524441 |
||
| 008 | 231117b ||||| |||| 00| 0 eng d | ||
| 100 |
_aSivakuamr, S. and Mishra, Anumeba _946119 |
||
| 245 | _aContextualising rights: concerns and challenges | ||
| 260 | _aJournal of the Indian Law Institute | ||
| 300 | _a64(4), Oct-Dec, 2022: p.413-428 | ||
| 520 | _aConcept of right is an internal part of our legal understanding. This paper discuses the approach of a positions legal framework towards the concept of rights. It attempts to demonstrate the rationale and process of exacting legal rights in a positivist system. – Reproduced | ||
| 773 | _aJournal of the Indian Law Institute | ||
| 906 | _aRIGHTS | ||
| 942 | _cAR | ||